Macroeconomics / (Record no. 910)
[ view plain ]
| 000 -LEADER | |
|---|---|
| fixed length control field | 00835nam a22002777a 4500 |
| 001 - CONTROL NUMBER | |
| control field | 8198 |
| 003 - CONTROL NUMBER IDENTIFIER | |
| control field | BD-DhUAP |
| 005 - DATE AND TIME OF LATEST TRANSACTION | |
| control field | 20200129095726.0 |
| 008 - FIXED-LENGTH DATA ELEMENTS--GENERAL INFORMATION | |
| fixed length control field | 200129r20042001ii a b 001 0 eng d |
| 020 ## - INTERNATIONAL STANDARD BOOK NUMBER | |
| International Standard Book Number | 0072314850 |
| 020 ## - INTERNATIONAL STANDARD BOOK NUMBER | |
| International Standard Book Number | 0070474346 |
| 040 ## - CATALOGING SOURCE | |
| Original cataloging agency | DLC |
| Transcribing agency | DLC |
| Modifying agency | BD-DhUAP |
| Language of cataloging | Eng |
| 082 00 - DEWEY DECIMAL CLASSIFICATION NUMBER | |
| Edition number | 23 |
| Classification number | 339 DOR |
| 100 1# - MAIN ENTRY--PERSONAL NAME | |
| Personal name | Dornbusch, Rudiger. |
| 245 10 - TITLE STATEMENT | |
| Title | Macroeconomics / |
| Statement of responsibility, etc. | Rudiger Dornbusch, Stanley Fischer and Richard Startz. |
| 250 ## - EDITION STATEMENT | |
| Edition statement | 8th ed. |
| 260 ## - PUBLICATION, DISTRIBUTION, ETC. | |
| Place of publication, distribution, etc. | New Delhi : |
| Name of publisher, distributor, etc. | Tata McGraw-Hill, |
| Date of publication, distribution, etc. | c2001 [Reprinted 2004]. |
| 300 ## - PHYSICAL DESCRIPTION | |
| Extent | xvii, 571 pages : |
| Other physical details | illustrations ; |
| Dimensions | 25 cm. |
| 504 ## - BIBLIOGRAPHY, ETC. NOTE | |
| Bibliography, etc. note | Includes bibliographical references and index. |
| 650 #0 - SUBJECT ADDED ENTRY--TOPICAL TERM | |
| Topical term or geographic name entry element | Macroeconomics. |
| 700 1# - ADDED ENTRY--PERSONAL NAME | |
| Personal name | Fischer, Stanley. |
| 700 1# - ADDED ENTRY--PERSONAL NAME | |
| Personal name | Startz, Richard. |
| 942 ## - ADDED ENTRY ELEMENTS (KOHA) | |
| Source of classification or shelving scheme | |
| Koha item type | Book |
| Withdrawn status | Lost status | Source of classification or shelving scheme | Damaged status | Not for loan | Permanent Location | Current Location | Shelving location | Date acquired | Total Checkouts | Total Renewals | Full call number | Barcode | Date last seen | Date last checked out | Copy number | Price effective from | Koha item type |
|---|---|---|---|---|---|---|---|---|---|---|---|---|---|---|---|---|---|
| UAP Central Library | DBA Seminar Library | Reserve Stacks | 2020-01-29 | 339 DOR | 3010007918 | 2021-01-12 | 6 | 2020-01-29 | Book | ||||||||
| UAP Central Library | DBA Seminar Library | Reserve Stacks | 2020-01-29 | 339 DOR | 3010007920 | 2021-01-12 | 7 | 2020-01-29 | Book | ||||||||
| UAP Central Library | DBA Seminar Library | Reserve Stacks | 2020-01-29 | 339 DOR | 3010007919 | 2021-01-12 | 8 | 2020-01-29 | Book | ||||||||
| UAP Central Library | DBA Seminar Library | Reserve Stacks | 2020-01-29 | 339 DOR | 3010007921 | 2021-01-12 | 9 | 2020-01-29 | Book | ||||||||
| UAP Central Library | DBA Seminar Library | Reserve Stacks | 2020-01-29 | 339 DOR | 3010007922 | 2021-01-12 | 10 | 2020-01-29 | Book | ||||||||
| UAP Central Library | UAP Central Library | General Stacks | 2020-01-29 | 2 | 4 | 339 DOR | 3010008198 | 2025-01-27 | 2024-11-30 | 1 | 2020-01-29 | Book | |||||
| UAP Central Library | UAP Central Library | General Stacks | 2020-01-29 | 1 | 339 DOR | 3010008199 | 2024-09-30 | 2023-11-07 | 2 | 2020-01-29 | Book | ||||||
| UAP Central Library | UAP Central Library | General Stacks | 2020-01-29 | 3 | 4 | 339 DOR | 3010008197 | 2024-12-15 | 2024-11-27 | 3 | 2020-01-29 | Book | |||||
| UAP Central Library | UAP Central Library | General Stacks | 2020-01-29 | 339 DOR | 3010008201 | 2021-01-04 | 4 | 2020-01-29 | Book | ||||||||
| UAP Central Library | UAP Central Library | General Stacks | 2020-01-29 | 339 DOR | 3010008200 | 2021-01-04 | 5 | 2020-01-29 | Book | ||||||||
| UAP Central Library | UAP Central Library | Reserve Stacks | 2021-01-30 | 339 DOR | 3010007913 | 2021-01-30 | 11 | 2021-01-30 | Book | ||||||||
| UAP Central Library | UAP Central Library | Reserve Stacks | 2021-01-30 | 339 DOR | 3010007917 | 2021-01-30 | 12 | 2021-01-30 | Book | ||||||||
| UAP Central Library | UAP Central Library | Reserve Stacks | 2021-01-30 | 339 DOR | 3010007916 | 2021-02-01 | 13 | 2021-01-30 | Book | ||||||||
| UAP Central Library | UAP Central Library | Reserve Stacks | 2021-01-30 | 339 DOR | 3010007915 | 2021-02-01 | 14 | 2021-01-30 | Book | ||||||||
| UAP Central Library | UAP Central Library | Reserve Stacks | 2021-01-30 | 339 DOR | 3010007914 | 2021-02-01 | 15 | 2021-01-30 | Book |
Bengali Keyboard